<?xml version="1.0" encoding="UTF-8"?>
<collection xmlns="http://www.loc.gov/MARC21/slim">
 <record>
  <leader>03320nam a22004933i 4500</leader>
  <controlfield tag="001">000694773</controlfield>
  <controlfield tag="003">MiAaPQ</controlfield>
  <controlfield tag="005">20220913164843.0</controlfield>
  <controlfield tag="006">m     o  d |</controlfield>
  <controlfield tag="007">cr cnu||||||||</controlfield>
  <controlfield tag="008">220913s2010    xx      o     ||||0 eng d</controlfield>
  <datafield tag="STA" ind1=" " ind2=" ">
   <subfield code="a">NEZPRACOVANÝ IMPORT</subfield>
  </datafield>
  <datafield tag="020" ind1=" " ind2=" ">
   <subfield code="a">9780307772992</subfield>
   <subfield code="q">(electronic bk.)</subfield>
  </datafield>
  <datafield tag="020" ind1=" " ind2=" ">
   <subfield code="z">9780679736158</subfield>
  </datafield>
  <datafield tag="035" ind1=" " ind2=" ">
   <subfield code="a">(MiAaPQ)EBC6076448</subfield>
  </datafield>
  <datafield tag="035" ind1=" " ind2=" ">
   <subfield code="a">(Au-PeEL)EBL6076448</subfield>
  </datafield>
  <datafield tag="035" ind1=" " ind2=" ">
   <subfield code="a">(OCoLC)1156048767</subfield>
  </datafield>
  <datafield tag="050" ind1=" " ind2="4">
   <subfield code="a">HC106.8 .R456 1992</subfield>
  </datafield>
  <datafield tag="082" ind1="0" ind2=" ">
   <subfield code="a">330.9/05</subfield>
  </datafield>
  <datafield tag="100" ind1="1" ind2=" ">
   <subfield code="a">Reich, Robert B.</subfield>
  </datafield>
  <datafield tag="245" ind1="1" ind2="4">
   <subfield code="a">The Work of Nations :</subfield>
   <subfield code="b">Preparing Ourselves for 21st Century Capitalis.</subfield>
  </datafield>
  <datafield tag="264" ind1=" " ind2="1">
   <subfield code="a">Westminster :</subfield>
   <subfield code="b">Knopf Doubleday Publishing Group,</subfield>
   <subfield code="c">2010.</subfield>
  </datafield>
  <datafield tag="264" ind1=" " ind2="4">
   <subfield code="c">©2010.</subfield>
  </datafield>
  <datafield tag="300" ind1=" " ind2=" ">
   <subfield code="a">1 online resource (330 pages)</subfield>
  </datafield>
  <datafield tag="336" ind1=" " ind2=" ">
   <subfield code="a">text</subfield>
   <subfield code="b">txt</subfield>
   <subfield code="2">rdacontent</subfield>
  </datafield>
  <datafield tag="337" ind1=" " ind2=" ">
   <subfield code="a">computer</subfield>
   <subfield code="b">c</subfield>
   <subfield code="2">rdamedia</subfield>
  </datafield>
  <datafield tag="338" ind1=" " ind2=" ">
   <subfield code="a">online resource</subfield>
   <subfield code="b">cr</subfield>
   <subfield code="2">rdacarrier</subfield>
  </datafield>
  <datafield tag="505" ind1="0" ind2=" ">
   <subfield code="a">Intro -- Title Page -- Copyright -- Dedication -- Epigraph -- Contents -- Acknowledgments -- Introduction - The National Idea -- Part One - The Economic Nation -- 1 - The Origins of Economic Nationalism -- 2 - Economic Nationalism and High-Volume Production -- 3 - The Corporation and the National Interest -- 4 - The National Champion -- 5 - The National Bargain -- 6 - The Presumed Problem -- Part Two - The Global Web -- 7 - From High Volume to High Value -- 8 - The New Web of Enterprise -- 9 - The Diffusion of Ownership and Control -- 10 - The Global Web -- 11 - The End of the National Champion -- 12 - The Coming Irrelevance of Corporate Nationality -- 13 - The Perils of Vestigial Thought -- Part Three - The Rise of the Symbolic Analyst -- 14 - The Three Jobs of the Future -- 15 - A Digression on Symbolic Analysis and Market Incentive -- 16 - American Incomes -- 17 - Why the Rich Are Getting Richer and the Poor, Poorer -- 18 - The Education of the Symbolic Analyst (I) -- 19 - The Education of the Symbolic Analyst (II) -- Part Four - The Meaning of Nation -- 20 - The Problem Restated -- 21 - The Decline of Public Investment -- 22 - The Uses of Vestigial Thought -- 23 - The New Community -- 24 - The Politics of Secession -- 25 - Who Is &quot;Us&quot;? -- Afterword - National Identity in a Post-Soviet World -- A Note on Additional Sources -- About the Author -- Other Books by This Author.</subfield>
  </datafield>
  <datafield tag="588" ind1=" " ind2=" ">
   <subfield code="a">Description based on publisher supplied metadata and other sources.</subfield>
  </datafield>
  <datafield tag="590" ind1=" " ind2=" ">
   <subfield code="a">Electronic reproduction. Ann Arbor, Michigan : ProQuest Ebook Central, 2022. Available via World Wide Web. Access may be limited to ProQuest Ebook Central affiliated libraries.</subfield>
  </datafield>
  <datafield tag="650" ind1=" " ind2="0">
   <subfield code="a">Economic forecasting--United States.</subfield>
  </datafield>
  <datafield tag="650" ind1=" " ind2="0">
   <subfield code="a">Capitalism--United States.</subfield>
  </datafield>
  <datafield tag="650" ind1=" " ind2="0">
   <subfield code="a">International economic relations.</subfield>
  </datafield>
  <datafield tag="655" ind1=" " ind2="7">
   <subfield code="a">elektronické knihy</subfield>
   <subfield code="7">fd186907</subfield>
   <subfield code="2">czenas</subfield>
  </datafield>
  <datafield tag="655" ind1=" " ind2="9">
   <subfield code="a">electronic books</subfield>
   <subfield code="2">eczenas</subfield>
  </datafield>
  <datafield tag="776" ind1="0" ind2="8">
   <subfield code="i">Print version:</subfield>
   <subfield code="a">Reich, Robert B.</subfield>
   <subfield code="t">The Work of Nations</subfield>
   <subfield code="d">Westminster : Knopf Doubleday Publishing Group,c2010</subfield>
   <subfield code="z">9780679736158</subfield>
  </datafield>
  <datafield tag="710" ind1="2" ind2=" ">
   <subfield code="a">ProQuest (firma)</subfield>
   <subfield code="7">ko2008435111</subfield>
  </datafield>
  <datafield tag="856" ind1="4" ind2="0">
   <subfield code="u">https://ebookcentral.proquest.com/lib/vsep/detail.action?docID=6076448</subfield>
   <subfield code="y">Plný text</subfield>
  </datafield>
  <datafield tag="856" ind1="4" ind2="2">
   <subfield code="u">https://knihovna.vse.cz/zdroje/proquest-ebook-central/?info</subfield>
   <subfield code="y">Informace o práci s e-knihami</subfield>
  </datafield>
  <datafield tag="BAS" ind1=" " ind2=" ">
   <subfield code="a">PQ-OWNED</subfield>
  </datafield>
  <datafield tag="BAS" ind1=" " ind2=" ">
   <subfield code="a">EB</subfield>
  </datafield>
  <datafield tag="993" ind1=" " ind2=" ">
   <subfield code="x">NEPOSILAT</subfield>
   <subfield code="y">EB</subfield>
  </datafield>
 </record>
</collection>
